Ariana Grande - intro (end of the world) - Statistics

General Stats
  • This quiz has been taken 76 times
  • The average score is 111 of 140
Answer Stats
Answer % Correct
i
100%
the
98%
to
96%
you
96%
if
93%
your
93%
sun
91%
be
89%
in
89%
shine
89%
how
87%
know
87%
me
87%
would
87%
and
84%
can
84%
i'm
84%
it
84%
right
84%
shit
82%
still
82%
all
80%
lover
80%
moon
80%
refused
80%
tell
80%
that
80%
baby
78%
dark
78%
don't
78%
five
78%
mind
78%
now
78%
on
78%
relationship
78%
tomorrow
78%
tonight
78%
ended
76%
feel
76%
supposed
76%
weeks
76%
went
76%
like
73%
then
73%
there
73%
this
73%
am
71%
bones
71%
care
71%
he
71%
interaction
71%
one
71%
want
71%
aren't
69%
mine
69%
for
67%
had
67%
he's
67%
really
67%
wonder
67%
i've
64%
smiling
64%
thinking
64%
been
62%
bout
62%
judging
62%
truth
62%
too
60%
i'd
58%
rather
58%
worse
58%
knows
56%
make
56%
own
53%
than
53%
inspiring
44%
what's
44%
that's
36%
No matching quizzes found
Score Distribution
Percent of People with Each Score
Percentile by Number Answered
Your Score History
You have not taken this quiz